| 000 | 00619cam a22002411 4500 | ||
|---|---|---|---|
| 001 | sa 64004811 | ||
| 003 | DLC | ||
| 005 | 20260227112028.0 | ||
| 008 | 881025s1963 xx 000 0 hinr | ||
| 010 | _asa 64004811 | ||
| 035 | _a(OCoLC)23567830 | ||
| 040 |
_aDLC _cMiU _dDLC |
||
| 042 | _apremarc | ||
| 043 | _aa-ii--- | ||
| 050 | 0 | 0 |
_aHN683.5 _b.T7 |
| 100 | 1 | _aTripathi, Shambhu Ratna. | |
| 245 | 1 | 0 | _aBhāratīya saṃskṛti aura samāja. |
| 260 |
_a[n.p.] _c[1963] |
||
| 300 |
_a445 p. _c25 cm. |
||
| 500 | _aRomanized. | ||
| 651 | 0 |
_aIndia _xSocial life and customs |
|
| 651 | 0 |
_aIndia _xSocial conditions |
|
| 999 |
_c58765 _d58765 |
||